000 00566nam a2200181Ia 4500
003 GCL
008 140319s9999 xx 000 0 ara d
040 _aGCL /
_cGCL
082 0 4 _aق
_b962.3
_bم ا
100 1 _aمحمود محمد الحويرى
245 1 0 _aاسوان فى العصور الوسطى /
_cمحمود محمد الحويرى
300 _a256 ص
490 _aالهيئة العامة للاستعلامات
_v0
650 0 4 _aاسوان
650 0 4 _aاسوان - تاريخ
650 0 4 _aاسوان ( مصر ) - تاريخ
942 _2ddc
_cBK
999 _c47972
_d47972